000 00299 a2200109 4500
001 ART_49981
005 20260410161729.0
008 260409a
245 1 0 _aLa igualdad en espera
100 1 _aPautassi, Laura C.
773 0 _tLecciones y ensayos
_g- NÂș 89 (ene. 2011)
_wREV2658
999 _c17721
_d17721